| 000 | 00654nam a2200169 4500 | ||
|---|---|---|---|
| 001 | 138734 | ||
| 003 | ES-MaACL | ||
| 005 | 20230906195626.0 | ||
| 007 | t| | ||
| 008 | 070214s1933 sp r ||||1| spa d | ||
| 100 | 1 |
_aSantos, Eduardo. _9103469 |
|
| 245 | 1 | 0 | _aDiscurso pronunciado el 21 de febrero de 1933 ante la Sociedad de las Naciones por el Excmo. Sr. Eduardo Santos, Delegado de Colombia, con motivo de la acusación formulada contra el Gobierno del Perú por la invasión peruana a territorio colimbiano. |
| 260 |
_a[S. l. : _bs. n.], _c1933. |
||
| 300 |
_a23 p. ; _c19 x 13 cm. |
||
| 852 |
_aES-MaACL _j1793-F-8 |
||
| 852 |
_aES-MaACL _j1819-F-1 |
||
| 999 |
_c138734 _d138734 |
||